00740nam a2200217 a 4500001001000000005001700010008004100027041000800068044000600076050002200082100002400104245006000128260004300188300006000231500003600291500008900327500000800416501004800424650001900472710003100491BRCA_459420190320204729.0240910s1948----u--a######---#000-0#eng-# aeng au 4aNK7983b.R82 19481 aRichard C., Rudolph10aHarvard Journal of Asiatics StudiescRudolph Richard C. aBaltimore, MarylandbJ. H. Furstc1948 a1 v. (en varias paginaciones)bil., 3 láminasc25 cm. aVol. 11, Nos. 1 y 2 junio, 1948 aArtículo que consta de 11 páginas. Inventariado por Banco de México como libro aD27 aDynastic Booty: an altereted Chinese bronze14aBronceszChina2 aInstituto Harvard-Yenching